000 00854nam a2200265Ia 4500
003 OSt
005 20221005044808.0
006 a|||||r|||| 00| 0
007 ta
008 221004b |||||||| |||| 00| 0 eng d
020 _a9788131608982 (hbk)
_cINR 795.00
024 _a37953
037 _b290, 16/02/2018, Classic Book Service
_cTextual
040 _aCRL
_cCRL
_beng
041 _2eng
_aeng
082 _aV2y7M91, Q8
100 _aShyam Lal Au.
_938323
245 0 _aAmbedkar and the bhangis
_b efforts for their upliftment
260 _aJaipur
_bRawat Publication India
_c2018
300 _axiv,200p.
_ccm.
650 _a CASTE - INDIA - SCHEDULED CASTE
_928706
650 _aAMBEDKAR, BHIM RAO
_940309
942 _hV2y7M91, Q8
_cTEXL
_2cc
999 _c953962
_d953962